Quản trị chiến lược : Bài tập & nghiên cứu tình huống = Strategic management

Nội dung gồm 8 chương: Tổng quan về quản trị chiến lược. Cạnh tranh trong ngành. Mô hình hoạch định chiến lược. Phân tích môi trường bên ngoài. Phân tích công ty. Hoạch định và lựa chọn phương án chiến lược. Thực thi chiến lược. Kiểm soá...

全面介紹

Đã lưu trong:
書目詳細資料
主要作者: Bùi, Văn Danh
格式: 圖書
語言:Undetermined
出版: Thành phố Hồ Chí Minh Phương Đông 2011
主題:
標簽: 添加標簽
沒有標簽, 成為第一個標記此記錄!
Thư viện lưu trữ: Trung tâm Học liệu Trường Đại học Cần Thơ
LEADER 01131nam a2200217Ia 4500
001 CTU_191532
008 210402s9999 xx 000 0 und d
020 |c 82000 
082 |a 658.4012 
082 |b D107 
100 |a Bùi, Văn Danh 
245 0 |a Quản trị chiến lược : 
245 0 |b Bài tập & nghiên cứu tình huống = Strategic management 
245 0 |c Bùi Văn Danh, Nguyến Văn Dung, Lê Quang Khôi 
260 |a Thành phố Hồ Chí Minh 
260 |b Phương Đông 
260 |c 2011 
520 |a Nội dung gồm 8 chương: Tổng quan về quản trị chiến lược. Cạnh tranh trong ngành. Mô hình hoạch định chiến lược. Phân tích môi trường bên ngoài. Phân tích công ty. Hoạch định và lựa chọn phương án chiến lược. Thực thi chiến lược. Kiểm soát chiến lược. 
650 |a Competition,Strategic planning,Canh tranh,Hoạch định chiến lược 
904 |i Hải 
980 |a Trung tâm Học liệu Trường Đại học Cần Thơ